000 03290nam0a2200481 4500
001 RU\NLR\BIBL_A\012832739
005 20221122193415.0
010 _a978-5-288-06188-2
_9300
021 _aRU
_bКН-П-22-019646
_9КН-П-22-1679
035 _a(NLR Aleph) 012832739
035 _a(RuMoRGB)011023066
090 _a12365393
_c12365393
100 _a20220629d2022 u y0rusy50 ca
101 0 _arus
102 _aRU
105 _aa|||j|||000zy
181 0 _ai
_baxxe
182 0 _an
200 1 _aШкольные олимпиады СПбГУ, 2021
_iФизика
_eучебно-методическое пособие
_fС. С. Власенко, Е. А. Денисов, Е. А. Злобина [и др.]
_gпод ред. С. И. Елисеева
_gСанкт-Петербургский государственный университет
203 _aТекст
_bвизуальный
_cнепосредственный
210 _aСанкт-Петербург
_cИзд-во Санкт-Петербургского университета
_d2022
215 _a198, [2] с.
_cил., цв. ил., табл.
_d22
300 _aАвт. указаны на обороте тит. с.
313 _aПо пред. изд. 2020 г.
320 _aБиблиогр.: с. 200 (6 назв.)
330 _aВ пособии представлены примеры заданий отборочного и заключительного этапов Олимпиады школьников Санкт-Петербургского государственного университета по физике для учащихся 8-11-х классов за 2020/2021 учебный год. Все задачи сопровождаются подробными решениями. Издание предназначено для подготовки к участию в Олимпиадах школьников СПбГУ
606 1 _aФизика
_xЗадачи
_xРешение
_jУчебно-методические пособия для средней школы
_2nlr_sh1
_2nlr_sh2
_3RU\NLR\AUTH\661146906
606 1 _aФизика
_xОлимпиады школьные
_jУчебно-методические пособия для средней школы
_2nlr_sh1
_2nlr_sh2
_3RU\NLR\AUTH\661303850
675 _a373.167.1:53
_v4
675 _a53(075.3)
_v4
686 1 _aВ3я721-42
686 1 _aЧ426.51-382.61я72
701 1 _aВласенко
_bС. С.
_gСергей Сергеевич
701 1 _aДенисов
_bЕ. А.
_cканд. физ.-мат. наук
_gЕвгений Александрович
_3RU\NLR\AUTH\770214030
701 1 _aЗлобина
_bЕ. А.
_gЕкатерина Алексеевна
702 1 _aЕлисеев
_bС.И.
_gСтепан Иванович
_4340
711 0 2 _aСанкт-Петербургский государственный университет
_bОлимпиада школьников по физике
_f2021
_3RU\NLR\AUTH\880568428
712 0 2 _aСанкт-Петербургский государственный университет
_3RU\NLR\AUTH\8810043151
_4475
942 _cBOOK
980 _aNB